[Event "6th Sharjah Masters 2023"]
[Site "Sharjah UAE"]
[Date "2023.05.22"]
[Round "6.2"]
[White "Nihal, Sarin"]
[Black "Yu, Yangyi"]
[Result "1/2-1/2"]
[WhiteTitle "GM"]
[BlackTitle "GM"]
[WhiteElo "2673"]
[BlackElo "2729"]
[WhiteFideId "25092340"]
[BlackFideId "8603820"]
[EventDate "2023.05.17"]
[EventType "swiss"]

1. e4 e5 2. Nf3 Nf6 3. Nxe5 d6 4. Nf3 Nxe4 5. d4 d5 6. Bd3 Nc6 7. O-O Be7 8.
Nbd2 Nxd2 9. Bxd2 Bg4 10. c3 O-O 11. h3 Bh5 12. g3 Qd7 13. Kg2 Bg6 14. Bf4 Be4
15. Re1 f5 16. Kh2 Bd6 17. Ne5 Qe7 18. f3 Bxe5 19. Bxe5 Nxe5 20. dxe5 Bxd3 21.
Qxd3 Rad8 22. f4 c5 23. Rad1 Qe6 24. Qb5 b6 25. Rd2 Rd7 26. Red1 h6 27. Qe2 Rfd8
28. Qe3 Kh8 29. h4 Kg8 30. b3 Kh8 31. Rd3 Kg8 32. R1d2 Kh8 33. h5 Kg8 34. Kh3
Kh8 35. Qg1 Rg8 36. Qd1 Rgd8 37. b4 Qc6 38. bxc5 bxc5 39. Qf3 Qe6 40. Qd1 Qc6
41. Qf3 Qe6 42. Qe3 Rc8 43. Qf3 Rcd8 1/2-1/2

[Event "6th Sharjah Masters 2023"]
[Site "Sharjah UAE"]
[Date "2023.05.22"]
[Round "6.3"]
[White "Oparin, Grigoriy"]
[Black "Niemann, Hans Moke"]
[Result "1-0"]
[WhiteTitle "GM"]
[BlackTitle "GM"]
[WhiteElo "2667"]
[BlackElo "2708"]
[WhiteFideId "24125890"]
[BlackFideId "2093596"]
[EventDate "2023.05.17"]
[EventType "swiss"]

1. d4 d5 2. c4 dxc4 3. Nf3 Nf6 4. e3 e6 5. Bxc4 c5 6. O-O a6 7. Re1 Nc6 8. Nc3
Be7 9. Bd3 O-O 10. dxc5 Bxc5 11. a3 Bd6 12. Ne4 Nxe4 13. Bxe4 f5 14. Bxc6 bxc6
15. e4 fxe4 16. Bg5 Bxh2+ 17. Nxh2 Qxg5 18. Rxe4 c5 19. Qb3 Qd5 20. Qe3 Rb8 21.
b4 cxb4 22. axb4 Qd6 23. Rd4 Qe7 24. Qd2 Rb5 25. Rc1 e5 26. Rd6 e4 27. Rdc6 Bb7
28. Rc7 Qh4 29. R1c5 Rxc5 30. bxc5 Rf7 31. Qa2 Bd5 32. Rc8+ 1-0

[Event "6th Sharjah Masters 2023"]
[Site "Sharjah UAE"]
[Date "2023.05.22"]
[Round "6.4"]
[White "Praggnanandhaa, R"]
[Black "Korobov, Anton"]
[Result "1/2-1/2"]
[WhiteTitle "GM"]
[BlackTitle "GM"]
[WhiteElo "2688"]
[BlackElo "2664"]
[WhiteFideId "25059530"]
[BlackFideId "14105730"]
[EventDate "2023.05.17"]
[EventType "swiss"]

1. d4 Nf6 2. c4 e6 3. Nf3 d5 4. Nc3 c6 5. Bg5 h6 6. Bh4 dxc4 7. e4 g5 8. Bg3 b5
9. h4 g4 10. Ne5 Bb7 11. Be2 Nbd7 12. O-O Rg8 13. Re1 Nh5 14. Nxd7 Qxd7 15. Be5
Bg7 16. Bxg7 Rxg7 17. b3 Rd8 18. bxc4 Qxd4 19. Qxd4 Rxd4 20. cxb5 Nf4 21. bxc6
Bxc6 22. Bb5 Bxb5 23. Nxb5 Rd2 24. Red1 Rb2 25. Rab1 Rxb1 26. Rxb1 g3 27. Nxa7
gxf2+ 28. Kxf2 Rxg2+ 29. Kf3 e5 30. Rb8+ Kd7 31. Rb7+ Ke6 32. Rb6+ Kd7 33. Rb7+
Ke6 34. Rb6+ Kd7 1/2-1/2

[Event "6th Sharjah Masters 2023"]
[Site "Sharjah UAE"]
[Date "2023.05.22"]
[Round "6.5"]
[White "Sevian, Samuel"]
[Black "Kuybokarov, Temur"]
[Result "1-0"]
[WhiteTitle "GM"]
[BlackTitle "GM"]
[WhiteElo "2684"]
[BlackElo "2566"]
[WhiteFideId "2040506"]
[BlackFideId "14203049"]
[EventDate "2023.05.17"]
[EventType "swiss"]

1. c4 e5 2. Nc3 d6 3. g3 Be7 4. d4 f5 5. Bh3 Na6 6. dxe5 dxe5 7. Qxd8+ Bxd8 8.
Nf3 e4 9. Nd4 Bf6 10. Ndb5 Be5 11. f4 exf3 12. exf3 c6 13. O-O Kf7 14. Re1 Bb8
15. Nd4 g6 16. Be3 Nf6 17. Rad1 Bc7 18. a3 h5 19. Bf1 h4 20. Bf2 hxg3 21. hxg3
Bd7 22. b4 Rh7 23. b5 Rah8 24. Bg2 Nb8 25. bxc6 bxc6 26. Rb1 Bc8 27. Rb2 f4 28.
g4 g5 29. Na4 Re8 30. Reb1 Nfd7 31. Nc3 a5 32. Ne4 Kg6 33. Nf5 Be5 34. Re2 Ba6
35. Ned6 Re6 36. Bf1 Kf6 37. Ne4+ Kg6 38. Ned6 Kf6 39. Rbe1 Rh8 40. Kg2 Bc8 41.
Bd4 Na6 42. Ne4+ Kg6 43. Nf2 Rhe8 44. Nd3 Kf6 45. Nxe5 Nxe5 46. c5 Nb8 47. Nd6
Rxd6 48. Rxe5 Rxd4 49. Rxe8 1-0

[Event "6th Sharjah Masters 2023"]
[Site "Sharjah UAE"]
[Date "2023.05.22"]
[Round "6.6"]
[White "Aryan, Chopra"]
[Black "Esipenko, Andrey"]
[Result "1/2-1/2"]
[WhiteTitle "GM"]
[BlackTitle "GM"]
[WhiteElo "2617"]
[BlackElo "2679"]
[WhiteFideId "5084423"]
[BlackFideId "24175439"]
[EventDate "2023.05.17"]
[EventType "swiss"]

1. c4 e6 2. Nc3 d5 3. d4 Nf6 4. cxd5 exd5 5. Bg5 Be7 6. e3 h6 7. Bh4 Bg4 8. Nf3
c6 9. Qc2 Nbd7 10. Bd3 O-O 11. O-O Nh5 12. Bxe7 Qxe7 13. Rae1 Bxf3 14. gxf3 c5
15. dxc5 Nxc5 16. Ne2 Rac8 17. Ng3 Nf6 18. Qd2 Nxd3 1/2-1/2

[Event "6th Sharjah Masters 2023"]
[Site "Sharjah UAE"]
[Date "2023.05.22"]
[Round "6.7"]
[White "Kovalev, Vladislav"]
[Black "Tabatabaei, M. Amin"]
[Result "1/2-1/2"]
[WhiteTitle "GM"]
[BlackTitle "GM"]
[WhiteElo "2612"]
[BlackElo "2677"]
[WhiteFideId "13504398"]
[BlackFideId "12521213"]
[EventDate "2023.05.17"]
[EventType "swiss"]

1. e4 e5 2. Nf3 Nc6 3. Bb5 Nf6 4. O-O Nxe4 5. Re1 Nd6 6. Nxe5 Be7 7. Bf1 Nxe5 8.
Rxe5 O-O 9. d4 Bf6 10. Re1 Re8 11. c3 Rxe1 12. Qxe1 Ne8 13. Bf4 d5 14. Bd3 g6
15. Nd2 Ng7 16. Nf3 Bf5 17. Bxf5 Nxf5 18. Qe2 c6 19. Re1 Qd7 20. Ne5 Bxe5 21.
Qxe5 Ng7 22. Bh6 Nf5 23. Bf4 Ng7 24. Bh6 Nf5 25. Bf4 1/2-1/2

[Event "6th Sharjah Masters 2023"]
[Site "Sharjah UAE"]
[Date "2023.05.22"]
[Round "6.8"]
[White "Maghsoodloo, Parham"]
[Black "Yakubboev, Nodirbek"]
[Result "0-1"]
[WhiteTitle "GM"]
[BlackTitle "GM"]
[WhiteElo "2734"]
[BlackElo "2630"]
[WhiteFideId "12539929"]
[BlackFideId "14203987"]
[EventDate "2023.05.17"]
[EventType "swiss"]

1. d4 Nf6 2. c4 e6 3. Nc3 Bb4 4. Nf3 O-O 5. a3 Bxc3+ 6. bxc3 d6 7. Bg5 c5 8.
dxc5 dxc5 9. Qc2 Nc6 10. e4 e5 11. Be2 h6 12. Bh4 Bg4 13. O-O Bxf3 14. Bxf3 Qe7
15. Be2 g5 16. Bg3 Rad8 17. f3 b6 18. Bf2 Rd7 19. Be3 Rfd8 20. h4 gxh4 21. f4
Kh7 22. fxe5 Nxe5 23. Rf5 Rg8 24. Raf1 Nfg4 25. Bxg4 Nxg4 26. e5 Rg6 27. Qe4 Kg7
28. Rh5 Qd8 29. Bf2 Rd1 30. Be1 Qd3 31. Qxd3 Rxd3 32. Rhf5 Rd7 33. R1f3 Rg5 34.
R5f4 Nxe5 35. Re3 Rd3 36. Re2 Ng6 37. Rf1 h3 38. g3 Re5 39. Ref2 Rd1 40. Rxf7+
Kg8 41. Rxa7 Rdxe1 42. Ra8+ Kg7 43. Ra7+ Re7 0-1

[Event "6th Sharjah Masters 2023"]
[Site "Sharjah UAE"]
[Date "2023.05.22"]
[Round "6.9"]
[White "Sjugirov, Sanan"]
[Black "Ju, Wenjun"]
[Result "1-0"]
[WhiteTitle "GM"]
[BlackTitle "GM"]
[WhiteElo "2712"]
[BlackElo "2550"]
[WhiteFideId "4189302"]
[BlackFideId "8603006"]
[EventDate "2023.05.17"]
[EventType "swiss"]

1. e4 e5 2. Nf3 Nc6 3. Bb5 Nf6 4. d3 Bc5 5. Bxc6 dxc6 6. O-O Nd7 7. h3 O-O 8.
Be3 Bd6 9. Nfd2 Nc5 10. Nc4 Ne6 11. a4 f6 12. Nc3 b6 13. Ne2 c5 14. Kh1 Bd7 15.
b3 a6 16. Bd2 b5 17. Ne3 g6 18. axb5 axb5 19. Rxa8 Qxa8 20. Nd5 f5 21. f3 f4 22.
b4 Qa3 23. bxc5 Bxc5 24. c3 Bd6 25. d4 Bc6 26. Bc1 Qa8 27. Qb3 Kh8 28. Nb4 Bd7
29. dxe5 Bxe5 30. Nd3 Bg7 31. Nexf4 c5 32. Nxe6 c4 33. Qb4 Bxe6 34. Nf4 Bd7 35.
Be3 Rf7 36. Nd5 Bc6 37. Qc5 Bxd5 38. exd5 Rf5 39. Rd1 Qa4 40. Re1 Qa8 41. Bd4
Rxd5 42. Qa7 1-0

[Event "6th Sharjah Masters 2023"]
[Site "Sharjah UAE"]
[Date "2023.05.22"]
[Round "6.11"]
[White "Petrosyan, Manuel"]
[Black "Predke, Alexandr"]
[Result "1-0"]
[WhiteTitle "GM"]
[BlackTitle "GM"]
[WhiteElo "2629"]
[BlackElo "2685"]
[WhiteFideId "13300857"]
[BlackFideId "24107581"]
[EventDate "2023.05.17"]
[EventType "swiss"]

1. e4 e5 2. Nf3 Nc6 3. Bc4 Bc5 4. d3 Nf6 5. Nc3 a5 6. O-O d6 7. Be3 Bxe3 8. fxe3
O-O 9. d4 Bg4 10. Qd3 Nd7 11. a3 Bh5 12. Bb3 Kh8 13. Rf2 g5 14. Nd2 Bg6 15. Nf1
Nf6 16. Ng3 Ng4 17. Rd2 Ne7 18. Rf1 c6 19. Qe2 Qc8 20. Qf3 Ng8 21. Nf5 Bxf5 22.
exf5 N8f6 23. h3 exd4 24. hxg4 dxc3 25. Rxd6 Ne8 26. Rh6 Qd8 27. f6 cxb2 28. Qf5
Nxf6 29. Rxf6 a4 30. Rh6 1-0

[Event "6th Sharjah Masters 2023"]
[Site "Sharjah UAE"]
[Date "2023.05.22"]
[Round "6.12"]
[White "Salem, A.R. Saleh"]
[Black "Murzin, Volodar"]
[Result "1/2-1/2"]
[WhiteTitle "GM"]
[BlackTitle "GM"]
[WhiteElo "2677"]
[BlackElo "2604"]
[WhiteFideId "9301348"]
[BlackFideId "44155573"]
[EventDate "2023.05.17"]
[EventType "swiss"]

1. d4 d5 2. c4 c6 3. Nf3 Nf6 4. Nc3 e6 5. Bg5 Nbd7 6. e3 Qa5 7. cxd5 Nxd5 8. Qd2
c5 9. Bd3 cxd4 10. exd4 Bb4 11. Rc1 h6 12. Bh4 b6 13. a3 Bxc3 14. bxc3 Bb7 15.
Bg3 Rc8 16. c4 Qxd2+ 17. Nxd2 Ne7 18. Bd6 Bxg2 19. Rg1 Bh3 20. c5 Nf5 21. Bxf5
Bxf5 22. Rxg7 Bg6 23. Nc4 b5 24. Ne3 Nf6 25. a4 b4 26. Nc4 Nh5 27. Rxg6 fxg6 28.
Rb1 a5 29. Nxa5 Ra8 30. Rxb4 Nf6 31. Nc4 Rh7 32. a5 Rha7 33. Rb5 Nd5 34. Rb3 Kd7
35. Rh3 Kc6 36. Rb3 Nf6 37. d5+ Kxd5 38. Nb6+ Kc6 39. Nxa8 Rxa8 40. Rb6+ Kd5 41.
Be7 Ne8 42. a6 Nc7 43. Rd6+ Kc4 44. Bd8 Nb5 45. Rd1 Rxa6 46. Bb6 Nd4 47. Kf1 e5
48. Kg2 Ra2 49. c6 Nxc6 50. Rd6 Ne7 51. Bd8 Nf5 52. Rxg6 Rd2 53. Rg8 e4 54. Rf8
Nd4 55. Bb6 e3 56. Bxd4 Kxd4 1/2-1/2

[Event "6th Sharjah Masters 2023"]
[Site "Sharjah UAE"]
[Date "2023.05.22"]
[Round "6.13"]
[White "Sindarov, Javokhir"]
[Black "Galperin, Platon"]
[Result "1/2-1/2"]
[WhiteTitle "GM"]
[BlackTitle "GM"]
[WhiteElo "2661"]
[BlackElo "2528"]
[WhiteFideId "14205483"]
[BlackFideId "14165414"]
[EventDate "2023.05.17"]
[EventType "swiss"]

1. c4 Nf6 2. Nc3 g6 3. e4 d6 4. d4 Bg7 5. h3 Nbd7 6. Nf3 e5 7. g3 O-O 8. Bg2 b6
9. Be3 exd4 10. Nxd4 Bb7 11. Qc2 Re8 12. O-O-O a6 13. Kb1 c5 14. Nb3 Ne5 15. Qe2
Qe7 16. f4 Nxc4 17. Qxc4 b5 18. Qd3 c4 19. Qxd6 Qxd6 20. Rxd6 1/2-1/2

[Event "6th Sharjah Masters 2023"]
[Site "Sharjah UAE"]
[Date "2023.05.22"]
[Round "6.15"]
[White "Suleymanli, Aydin"]
[Black "Nguyen, Thai Dai Van"]
[Result "1/2-1/2"]
[WhiteTitle "GM"]
[BlackTitle "GM"]
[WhiteElo "2560"]
[BlackElo "2645"]
[WhiteFideId "13413937"]
[BlackFideId "358878"]
[EventDate "2023.05.17"]
[EventType "swiss"]

1. c4 e6 2. g3 d5 3. Bg2 Nf6 4. Nf3 d4 5. O-O Nc6 6. d3 Bc5 7. Nbd2 O-O 8. Nb3
Be7 9. e3 dxe3 10. Bxe3 Ng4 11. Bc5 Bxc5 12. Nxc5 b6 13. Nh4 Nge5 14. d4 Nxd4
15. Nb3 Nxb3 16. axb3 Rb8 17. Rxa7 Bd7 18. Re1 Nc6 19. Ra1 Ne7 20. Nf3 Bc6 21.
Ne5 Bxg2 22. Kxg2 Qxd1 23. Rexd1 Rfd8 24. Rxd8+ Rxd8 25. Ra7 Rc8 26. b4 f6 1/2-1/2

[Event "6th Sharjah Masters 2023"]
[Site "Sharjah UAE"]
[Date "2023.05.22"]
[Round "6.16"]
[White "Yilmaz, Mustafa"]
[Black "Kadric, Denis"]
[Result "1/2-1/2"]
[WhiteTitle "GM"]
[BlackTitle "GM"]
[WhiteElo "2641"]
[BlackElo "2601"]
[WhiteFideId "6302718"]
[BlackFideId "14403803"]
[EventDate "2023.05.17"]
[EventType "swiss"]

1. d4 Nf6 2. c4 g6 3. Nc3 Bg7 4. e4 d6 5. Nf3 O-O 6. Be2 e5 7. O-O Na6 8. Re1
Bg4 9. Be3 Bxf3 10. Bxf3 exd4 11. Bxd4 Re8 12. g3 h5 13. Rc1 c6 14. Rc2 Nc5 15.
Rd2 Qa5 16. a3 Ne6 17. Be3 Rad8 18. Rxd6 Ng4 19. Bxg4 hxg4 20. c5 Be5 21. Rxd8
Rxd8 22. Qxg4 Bxc3 23. bxc3 Qxc3 24. Rb1 Qxa3 25. Rxb7 Nxc5 26. Rc7 Qa1+ 27. Kg2
Qe5 28. Rxc6 Nxe4 29. Rc8 Rxc8 30. Qxc8+ Kg7 31. Qd7 Nf6 32. Qxa7 Qe4+ 33. f3
Qc2+ 34. Bf2 g5 35. Qd4 Kg6 36. h3 Ne8 37. h4 gxh4 38. Qg4+ Kf6 39. Qxh4+ Ke6
40. Qh6+ f6 41. g4 Kf7 42. Qh5+ Ke7 43. Kg3 Ng7 44. Qh6 Ne6 45. Be3 Qb1 46. f4
Qe1+ 47. Kf3 Qd1+ 48. Kg3 Qe1+ 49. Bf2 Qc3+ 50. Kg2 Qc6+ 51. Kg3 Qc3+ 52. Kg2 1/2-1/2

[Event "6th Sharjah Masters 2023"]
[Site "Sharjah UAE"]
[Date "2023.05.22"]
[Round "6.17"]
[White "Azarov, Sergei"]
[Black "Abasov, Nijat"]
[Result "1/2-1/2"]
[WhiteTitle "GM"]
[BlackTitle "GM"]
[WhiteElo "2582"]
[BlackElo "2634"]
[WhiteFideId "13501470"]
[BlackFideId "13402960"]
[EventDate "2023.05.17"]
[EventType "swiss"]

1. e4 e5 2. Nf3 Nc6 3. Bc4 Nf6 4. d3 Bc5 5. Bg5 d6 6. c3 h6 7. Bh4 a5 8. O-O O-O
9. Nbd2 Ba7 10. Kh1 g5 11. Bg3 Nh5 12. d4 Kg7 13. Bd5 f6 14. Bxc6 bxc6 15. Nc4
Qe8 16. Ne3 Kh7 17. Qc2 Ng7 18. Rad1 Qg6 19. Rfe1 f5 20. exf5 Nxf5 21. Kg1 Nxe3
22. Qxg6+ Kxg6 23. fxe3 exd4 24. exd4 Rb8 25. b3 Bg4 26. Re7 Bb6 1/2-1/2

[Event "6th Sharjah Masters 2023"]
[Site "Sharjah UAE"]
[Date "2023.05.22"]
[Round "6.18"]
[White "Mchedlishvili, Mikheil"]
[Black "Narayanan, S.L."]
[Result "1/2-1/2"]
[WhiteTitle "GM"]
[BlackTitle "GM"]
[WhiteElo "2553"]
[BlackElo "2660"]
[WhiteFideId "13600966"]
[BlackFideId "5058422"]
[EventDate "2023.05.17"]
[EventType "swiss"]

1. e4 c5 2. c3 Nf6 3. e5 Nd5 4. Nf3 d6 5. exd6 e6 6. g3 Bxd6 7. Bg2 O-O 8. O-O
Nc6 9. d4 cxd4 10. Nxd4 Nxd4 11. Qxd4 Qc7 12. c4 Nf6 13. Nc3 Bd7 14. Qd3 Rfd8
15. Qe2 Be5 16. Nb5 Bxb5 17. cxb5 h6 18. Be3 Bd4 19. a4 Bxe3 20. Qxe3 Nd5 21.
Rfc1 Qe7 1/2-1/2

[Event "6th Sharjah Masters 2023"]
[Site "Sharjah UAE"]
[Date "2023.05.22"]
[Round "6.19"]
[White "Vidit, Santosh Gujrathi"]
[Black "Sanal, Vahap"]
[Result "1/2-1/2"]
[WhiteTitle "GM"]
[BlackTitle "GM"]
[WhiteElo "2731"]
[BlackElo "2600"]
[WhiteFideId "5029465"]
[BlackFideId "6300545"]
[EventDate "2023.05.17"]
[EventType "swiss"]

1. e4 e5 2. Nf3 Nc6 3. d4 exd4 4. Nxd4 Nf6 5. Nxc6 bxc6 6. e5 Qe7 7. Qe2 Nd5 8.
c4 Ba6 9. b3 g6 10. Ba3 Nb4 11. Bb2 Bg7 12. a3 Nd5 13. Nd2 O-O 14. O-O-O Nb6 15.
h4 d5 16. exd6 Bxb2+ 17. Kxb2 Qxd6 18. Qd3 Rab8 19. Qxd6 cxd6 20. Kc3 d5 21. c5
Bxf1 22. Rhxf1 Na8 23. b4 a5 24. Nb3 axb4+ 25. axb4 Nc7 26. Ra1 Rfe8 27. Rfe1
Rxe1 28. Rxe1 Nb5+ 29. Kd3 Nc7 30. Kc3 Nb5+ 31. Kd2 Nc7 32. Re7 Rxb4 33. Rxc7
Rxb3 34. Rxc6 d4 35. g4 Kf8 36. Rc7 h5 37. gxh5 gxh5 38. Rd7 Rc3 39. Rd5 Ke7 40.
Rxh5 Ke6 41. Rg5 f6 42. Rh5 Rf3 43. Ke2 Rc3 44. f4 Re3+ 45. Kd2 Rc3 46. Ke2 Re3+
47. Kd1 Rd3+ 48. Kc2 Rf3 49. c6 Kd6 50. Rf5 Kxc6 51. h5 Rh3 52. Kd2 Kd7 53. Rxf6
Rxh5 54. Kd3 Ke7 55. Ra6 Kf7 56. Kxd4 Rb5 57. Ke4 Rb4+ 58. Kf5 Rb5+ 59. Kg4 Rc5
60. f5 Rc1 61. Ra8 1/2-1/2

[Event "6th Sharjah Masters 2023"]
[Site "Sharjah UAE"]
[Date "2023.05.22"]
[Round "6.20"]
[White "Aravindh, Chithambaram VR."]
[Black "Moroni, Luca Jr"]
[Result "1/2-1/2"]
[WhiteTitle "GM"]
[BlackTitle "GM"]
[WhiteElo "2633"]
[BlackElo "2535"]
[WhiteFideId "5072786"]
[BlackFideId "865834"]
[EventDate "2023.05.17"]
[EventType "swiss"]

1. e4 e5 2. Nf3 Nc6 3. Bc4 Bc5 4. c3 Nf6 5. d4 exd4 6. e5 d5 7. Bb5 Ne4 8. cxd4
Bb4+ 9. Bd2 Nxd2 10. Nbxd2 O-O 11. O-O Ne7 12. a3 Ba5 13. Nb3 Bb6 14. Bd3 g6 15.
h3 Nf5 16. Rc1 c6 17. Re1 Nh4 18. Nc5 Nxf3+ 19. Qxf3 Qh4 20. Qe3 f6 21. b4 fxe5
22. dxe5 Be6 23. Bf1 Rae8 24. g3 Qh5 25. Qe2 Qxe2 26. Rxe2 Bc8 27. f4 g5 28.
fxg5 Rf3 29. Kh2 Bc7 30. b5 Rxe5 31. Rxe5 Bxe5 32. Nd3 Bxg3+ 33. Kg2 Re3 34.
bxc6 bxc6 35. Rxc6 Bb7 36. Rf6 d4+ 37. Kg1 Be4 38. Nf2 Bg6 39. Bc4+ Kg7 40. Ra6
Re7 41. Kg2 Bh4 42. Rd6 Bxg5 43. Rxd4 Be3 44. Rd8 Bxf2 1/2-1/2

[Event "6th Sharjah Masters 2023"]
[Site "Sharjah UAE"]
[Date "2023.05.22"]
[Round "6.21"]
[White "Theodorou, Nikolas"]
[Black "Dardha, Daniel"]
[Result "0-1"]
[WhiteTitle "GM"]
[BlackTitle "GM"]
[WhiteElo "2591"]
[BlackElo "2631"]
[WhiteFideId "4262875"]
[BlackFideId "240990"]
[EventDate "2023.05.17"]
[EventType "swiss"]

1. e4 c6 2. Nf3 d5 3. d3 dxe4 4. dxe4 Qxd1+ 5. Kxd1 Nf6 6. Nbd2 g6 7. Ne1 Bh6 8.
f3 Nbd7 9. Nd3 b6 10. c3 a5 11. a4 Ba6 12. Kc2 O-O 13. Nf2 Bxf1 14. Rxf1 Rfb8
15. Nd3 Bxd2 16. Bxd2 Ne8 17. h4 f6 18. e5 Ng7 19. Rae1 Kf7 20. h5 gxh5 21. Rh1
Rg8 22. Re2 Nxe5 23. Nxe5+ fxe5 24. Rxe5 Rad8 25. g4 Rd5 26. Rxd5 cxd5 27. Be3
Rb8 28. Bd4 b5 29. Be5 Rb7 30. axb5 Rxb5 31. b3 h6 32. Bxg7 Kxg7 33. Rxh5 e6 34.
c4 Rc5 35. Kc3 Rc8 36. Kd4 a4 37. c5 axb3 38. Rh2 Rb8 39. Rb2 Kf6 40. c6 Rb5 41.
f4 Ke7 42. f5 exf5 43. gxf5 Kd6 44. f6 Rb4+ 45. Ke3 Re4+ 46. Kd3 Rf4 47. Rxb3
Kxc6 48. Rb8 Rxf6 49. Rh8 Kc5 50. Rc8+ Kd6 51. Ke3 Re6+ 52. Kd3 Ke5 53. Ke3 h5
54. Rh8 Kd6+ 55. Kd3 Re5 56. Kd4 Re4+ 57. Kd3 h4 58. Rd8+ Ke5 59. Rh8 Rg4 60.
Ke3 d4+ 61. Kf3 Rf4+ 62. Ke2 Ke4 63. Re8+ Kf5 64. Rg8 h3 65. Rh8 Kg4 66. Rg8+
Kh4 67. Rh8+ Kg3 68. Rg8+ Rg4 69. Rf8 h2 70. Rf3+ Kg2 71. Rf2+ Kh3 72. Rf3+ Rg3
73. Re3 Rxe3+ 74. Kf2 h1=N+ 75. Kg1 Re1# 0-1

[Event "6th Sharjah Masters 2023"]
[Site "Sharjah UAE"]
[Date "2023.05.22"]
[Round "6.22"]
[White "Vokhidov, Shamsiddin"]
[Black "Indjic, Aleksandar"]
[Result "1/2-1/2"]
[WhiteTitle "GM"]
[BlackTitle "GM"]
[WhiteElo "2586"]
[BlackElo "2618"]
[WhiteFideId "14204223"]
[BlackFideId "911925"]
[EventDate "2023.05.17"]
[EventType "swiss"]

1. e4 e5 2. Nf3 Nc6 3. Bb5 Bc5 4. c3 Nf6 5. d4 exd4 6. e5 Nd5 7. O-O Be7 8. Nxd4
O-O 9. Nf3 Nb6 10. a4 a6 11. Bd3 d6 12. exd6 Bxd6 13. Bg5 Be7 14. Bxe7 Qxe7 15.
a5 Nd7 16. Re1 Qf6 17. Nbd2 Nc5 18. Ne4 Nxe4 19. Bxe4 Bf5 20. Bxc6 Qxc6 21. Nd4
Qd5 22. Re7 Rac8 23. Nxf5 Qxf5 24. Qb3 Qc5 25. Rae1 Rcd8 26. Qd1 1/2-1/2

[Event "6th Sharjah Masters 2023"]
[Site "Sharjah UAE"]
[Date "2023.05.22"]
[Round "6.23"]
[White "Vakhidov, Jakhongir"]
[Black "Yuffa, Daniil"]
[Result "1-0"]
[WhiteTitle "GM"]
[BlackTitle "GM"]
[WhiteElo "2607"]
[BlackElo "2592"]
[WhiteFideId "14201801"]
[BlackFideId "24131423"]
[EventDate "2023.05.17"]
[EventType "swiss"]

1. c4 c6 2. Nc3 d5 3. d4 Nf6 4. cxd5 cxd5 5. Bf4 Nc6 6. e3 a6 7. Be2 Bf5 8. Nf3
e6 9. Qb3 Nh5 10. Be5 Na5 11. Qa4+ Nc6 12. Qb3 Na5 13. Qa4+ Nc6 14. h3 Nf6 15.
O-O Be7 16. Bg3 O-O 17. Rfc1 Nd7 18. Ne1 Nb6 19. Qd1 Rc8 20. Bd3 Bg6 21. Bxg6
hxg6 22. Nd3 Nb4 23. Nxb4 Bxb4 24. Qb3 Bd6 25. Na4 Nc4 26. Bxd6 Qxd6 27. Nc5 b5
28. Qc3 a5 29. Qc2 Rfe8 30. a4 b4 31. b3 Na3 32. Qb2 Rc7 33. Nd3 Rec8 34. Rxc7
Rxc7 35. Rc1 Qd8 36. Rc5 Rxc5 37. dxc5 f6 38. c6 Nc4 39. bxc4 dxc4 40. Qd4 1-0

[Event "6th Sharjah Masters 2023"]
[Site "Sharjah UAE"]
[Date "2023.05.22"]
[Round "6.24"]
[White "Asis Gargatagli, Hipolito"]
[Black "Mendonca, Leon Luke"]
[Result "1/2-1/2"]
[WhiteTitle "GM"]
[BlackTitle "GM"]
[WhiteElo "2519"]
[BlackElo "2603"]
[WhiteFideId "2260735"]
[BlackFideId "35028561"]
[EventDate "2023.05.17"]
[EventType "swiss"]

1. e4 c6 2. d4 d5 3. e5 Bf5 4. h4 h5 5. Bd3 Bxd3 6. Qxd3 e6 7. Nf3 Qa5+ 8. Nbd2
Nh6 9. O-O Nf5 10. Nb3 Qb5 11. Qd1 c5 12. a4 Qb6 13. dxc5 Bxc5 14. Nxc5 Qxc5 15.
c3 Nc6 16. Bg5 O-O 17. Re1 d4 18. cxd4 Ncxd4 19. Nd2 f6 20. exf6 gxf6 21. Ne4
Qe7 22. Be3 Rad8 23. Bxd4 Rxd4 24. Qxh5 Qh7 25. Qxh7+ Kxh7 26. Ra3 Rb4 27. Re2
Kg6 28. g3 Nd4 29. Rd2 Rc8 30. Kg2 Rc2 31. Rad3 Rxd2 32. Rxd2 Rxa4 1/2-1/2

[Event "6th Sharjah Masters 2023"]
[Site "Sharjah UAE"]
[Date "2023.05.22"]
[Round "6.25"]
[White "Robson, Ray"]
[Black "Ivic, Velimir"]
[Result "1/2-1/2"]
[WhiteTitle "GM"]
[BlackTitle "GM"]
[WhiteElo "2704"]
[BlackElo "2595"]
[WhiteFideId "2023970"]
[BlackFideId "950122"]
[EventDate "2023.05.17"]
[EventType "swiss"]

1. e4 e5 2. Nf3 Nf6 3. d4 Nxe4 4. dxe5 d5 5. Nbd2 Nxd2 6. Bxd2 Be7 7. Bd3 c5 8.
c3 Nc6 9. O-O Bg4 10. Re1 O-O 11. h3 Bh5 12. Bf4 Qd7 13. Qc2 Bg6 14. Rad1 Rad8
15. Bxg6 hxg6 16. Bg5 Qe6 17. Bxe7 Qxe7 18. Qd2 d4 19. c4 Rfe8 20. Qf4 f6 21.
exf6 Qxf6 22. Qh4 Qxh4 23. Nxh4 Ne5 24. b3 g5 25. Nf5 Ng6 26. Kf1 Nf4 27. Ng3 b6
28. Re4 Kf7 29. Rde1 Rxe4 30. Nxe4 Kg6 31. Nd2 Kf6 32. Nf3 d3 33. Nd2 Ne2 34.
Ne4+ Kf5 35. f3 Kf4 36. Kf2 Kf5 37. Rd1 Nf4 38. Rd2 Kg6 39. Ke3 Kf5 40. g4+ Ke5
41. Nxg5 Rd7 42. h4 g6 43. a3 a6 44. b4 Rd4 45. bxc5 bxc5 46. Nf7+ Kf6 47. Nd6
Ke5 48. Nf7+ Kf6 49. Ng5 Rxc4 50. Rb2 Ke5 51. Rb8 Nd5+ 52. Kxd3 Rc3+ 53. Kd2
Rxa3 54. Re8+ Kf4 55. Rf8+ Ke5 56. h5 Ra2+ 57. Ke1 gxh5 58. gxh5 Rh2 59. h6 Nf6
60. Kf1 Rh5 61. Kf2 Rxg5 62. f4+ Kxf4 63. h7 Rh5 64. h8=Q Rxh8 65. Rxh8 Ne4+ 66.
Ke2 Ke5 67. Kd3 Nf6 68. Kc4 a5 69. Ra8 a4 70. Rxa4 Ne4 71. Ra8 Nd6+ 72. Kxc5
Ne4+ 73. Kc4 Nd6+ 74. Kd3 Nf5 75. Ra5+ Kf4 76. Rd5 Ne7 77. Rd6 Ke5 78. Rd8 Nc6
79. Rh8 Kd5 80. Rh5+ Ne5+ 81. Ke3 Kd6 82. Ke4 Nc6 83. Rg5 Ne7 84. Ra5 Nc6 85.
Rd5+ Ke6 86. Rd1 Ne7 87. Rh1 Nf5 88. Re1 Ne7 89. Rg1 Kd6 1/2-1/2